00685nam a2200169Ia 4500008004100000020001500041041000800056082001800064100003600082245016400118250000600282260005300288300001400341650000900355999001900364952013200383210716s2002 xx 000 0 und d a812032207X aeng a621.3916 TRIW aTriebel, Walter A;Singh, Avtar. a8088 and 8086 microprocessors: programming, interfacing, software, hardware, and applications.bProgramming, interfacing, software, hardware, and applications. a4 aNew DelhibPrentice Hall of India PVt Ltd.c2002 axiii,1019 aNone c185601d185601 001040708MCAaAIMITbAIMITeSita Book Houseg350.00l0o621.3916 TRIWpMCA05109r2025-07-21 00:00:00v297.50w2021-07-16yBK